Universidad y sociedad en Centroamérica /
Contempla la realización de un diagnóstico sobre la situación de la universidad en Centroamérica, para el planeamiento del decenio 1980-1990. Incluye una caracterización de la estructura económica y social de la educación en general y especificamente de la educación superior centroamericana delimita...
Sparad:
| Institutionell upphovsman: | |
|---|---|
| Materialtyp: | Text |
| Språk: | Spanish |
| Publicerad: |
San José:
CSUCA ;
1979
|
| Ämnen: | |
| Taggar: |
Lägg till en tagg
Inga taggar, Lägg till första taggen!
|
MARC
| LEADER | 00000 a a2200000 04500 | ||
|---|---|---|---|
| 001 | 20013 | ||
| 003 | CRAI/IIS | ||
| 005 | 20220107105617.0 | ||
| 008 | 210603b1979 cr ||||| |||| 00| 0 spa d | ||
| 020 | |a [sin ISBN] | ||
| 040 | |a Centro de Recursos para el Aprendizaje y la Investigación |b Español |c CRAI/IIS | ||
| 090 | |a 06.01.01 C748u | ||
| 110 | |a CSUCA. Programa Centroamericano de Ciencias Sociales | ||
| 245 | |a Universidad y sociedad en Centroamérica / |c CSUCA. Programa Centroamericano de Ciencias Sociales. | ||
| 260 | |a San José: |b CSUCA ; |c 1979 | ||
| 300 | |a 58 páginas | ||
| 500 | |a Colección Centroamérica | ||
| 500 | |a Anteproyecto de Investigación para el Estudio de las Universidades y Centros de Educación Superior en Centroamérica Periódo 1970-1979 | ||
| 520 | |a Contempla la realización de un diagnóstico sobre la situación de la universidad en Centroamérica, para el planeamiento del decenio 1980-1990. Incluye una caracterización de la estructura económica y social de la educación en general y especificamente de la educación superior centroamericana delimita el campo de estudio y señala las áreas temáticas a investigar. jmml | ||
| 650 | |a UNIVERSIDADES |0 TESAUROS | ||
| 650 | |a ENSEÑANZA SUPERIOR |0 TESAUROS | ||
| 650 | |a PROYECTOS DE INVESTIGACION |0 TESAUROS | ||
| 650 | |a PROYECTOS DE EDUCACION |0 TESAUROS | ||
| 852 | 1 | 1 | |a 06.01.01 C748u |
| 942 | |2 ddc |c LI |h 06.01.01 C748u |k 06.01.01 |m C748u |6 060101_C748U | ||
| 999 | |c 17266 |d 17266 | ||
